Online Catalogue and eLibrary

Janamadhyaye nageema (Record no. 1402)

MARC details
000 -LEADER
fixed length control field 00377nam a2200169Ia 4500
005 - DATE AND TIME OF LATEST TRANSACTION
control field 20250521031622.0
008 - FIXED-LENGTH DATA ELEMENTS--GENERAL INFORMATION
fixed length control field 240331s9999 xx 000 0 und d
020 ## - INTERNATIONAL STANDARD BOOK NUMBER
ISBN 9559512811
082 ## - DDC Classification
Item Number - Author Mark MAH
Class No. 302
100 ## - MAIN ENTRY--PERSONAL NAME
Personal name Mahendra, S
245 #0 - TITLE STATEMENT
Title Janamadhyaye nageema
250 ## - EDITION STATEMENT
Edition statement 2nd
260 ## - PUBLICATION, DISTRIBUTION, ETC.
Name of publisher, distributor, etc. Author
Date of publication, distribution, etc. 1987
300 ## - PHYSICAL DESCRIPTION
Extent (e.g. Volumes, Pages etc.) 106 p .,
500 ## - GENERAL NOTE
General note Growth of Media
942 ## - Koha item type (Biblio)
Koha item type Books in Stacks (Lending)
Holdings
Lost status Damaged status Collection code Home library Current library Shelving location Date acquired Full call number Accession Number Item type
    Lending WERC Library WERC Library Social Science Cupboard 03/31/2024 302.23 MAH 2097 Books in Stacks (Lending)

© WERC Library